000 00521nam a22001937a 4500
003 OSt
005 20160413182928.0
008 160413b xxu||||| |||| 00| 0 eng d
020 _a0273686798
040 _cDDC.
082 _a658.87WOO 2004.
100 _aWood,Burk Mirian;
_97847
245 _aMarkerting Planning.
_bPrinciples into Practice.
260 _aEngland.
_bFT Prentice Hall.
_c2004.
300 _axxii,379p;
_bcol,ill;
_c24cm.
504 _aincludes index.
650 _aMarketing.
_9518
942 _2ddc
_cSLOAN
999 _c3515
_d3515